000 01155naa a22003497a 4500
001 BR2019000013
003 BR-BrBNA
005 20240918181944.0
007 ta
008 230509b bl.||||| |||| 00| 0 por d
040 _aBR-BrBNA
_bpor
_cBiblioteca Nacional de Agricultura
041 _a(Pt)
072 _aF30
_b0140
090 _aF30 BR2019000013
100 1 _aFederizzi, L.C.
100 1 _aMilach, S.C.K.
100 1 _aPacheco, M.T.
100 1 _aBarbosa Neto, J.F.
100 1 _aSereno, M.J.C.M.
245 1 _aMelhoramento da aveia
250 1 _a2. ed.
260 3 _aViçosa, MG (Brasil):
_c2005.
500 _aBorém, A. (ed.) Melhoramento de espécies cultivadas 2. ed. Viçosa, MG (Brasil): 2005. p. 141-169 (BR2019000013-AM)F30
650 _aAVEIA
650 _aMELHORAMENTO GENÉTICO VEGETAL
650 _aHISTÓRIA
650 _aTAXONOMIA VEGETAL
650 _aAVENA STRIGOSA
773 0 _tMelhoramento de espécies cultivadas
_aBorém, A. (ed.). Universidade Federal de Viçosa, MG (Brasil)
_wF30 BR2019000013
_gViçosa, MG (Brasil), 2005. p. 141-169
909 _a202404
_bLucia
_c55
_dLucia Elande
942 _cAM
_2AGRIS
999 _c327684
_d327684